[Event "IIFL Wealth 4th Mumbai GM"]
[Site "Mumbai"]
[Date "2019.01.05"]
[Round "7"]
[White "Chanda, Sandipan"]
[Black "Muthaiah AL"]
[Result "1/2-1/2"]
[WhiteElo "2555"]
[BlackElo "2408"]
[Annotator "TA"]
[PlyCount "121"]
[EventDate "2018.12.30"]
[EventType "swiss"]
[EventCountry "IND"]
[SourceTitle "playchess.com"]
[Source "ChessBase"]
[SourceQuality "1"]

{[%evp 18,121,20,18,20,29,38,38,37,37,37,38,34,14,12,21,12,19,18,0,0,0,7,8,14,20,31,0,34,0,48,47,132,80,105,107,102,93,91,61,54,56,59,61,61,62,78,79,79,79,79,79,86,93,128,0,8,0,8,8,8,8,19,12,77,20,18,8,8,8,8,0,0,0,0,0,0,0,0,0,0,0,0,0,0,0,24,24,24,24,24,24,24,24,24,24,24,24,24,24,24,24,24,22,22,22]} 1. d4 Nf6 2. c4 e6 3. Nc3 Bb4 4. e3 O-O 5. Bd2 b6 6. Nf3 Bb7 7. Bd3 Bxc3 8. Bxc3 Ne4 9. Bxe4 {E21: Nimzo-Indian: 4 Nf3} (9. Rc1 f5 10. O-O d6 11. Be1 Nd7 12. Nd2 Qe7 13. f3 Nxd2 14. Bxd2 e5 15. Qc2 e4 16. fxe4 Bxe4 17. Bxe4 Qxe4 18. Qxe4 fxe4 {½-½ (51) Peralta,F (2582)-Guerra Mendez,J (2534) Barcelona 2018}) 9... Bxe4 10. d5 {LiveBook: 8 Games} exd5 11. Qd4 {[%csl Gc3][%cal Rd4g7]} Qf6 12. Qxf6 gxf6 13. cxd5 $146 ({Of course not} 13. Bxf6 dxc4 14. Ne5 Re8 $11) ({Predecessor:} 13. Nd2 Re8 14. Nxe4 dxe4 15. Bxf6 d6 16. Ke2 Nd7 17. Bd4 Re6 {½-½ (17) Jones (2150)-Nicolenco,S (2120) LSS email 2010}) 13... Bxd5 14. Bxf6 d6 15. O-O Nd7 16. Bc3 Bxf3 17. gxf3 f5 18. Kh1 Kf7 19. Rad1 Rg8 20. Rd4 Rg6 21. Rh4 h6 22. e4 Ke6 23. Re1 fxe4 24. fxe4 d5 ({Black should play} 24... Kf7 $14) 25. Rd1 (25. f4 $142 dxe4 26. Rxe4+ Kf5 27. Re7) 25... Rf8 26. exd5+ Kd6 27. Rc4 Ne5 28. Bxe5+ Kxe5 $16 {[%mdl 4096] Endgame KRR-KRR} 29. f4+ Rxf4 30. Re1+ Kf5 31. Rxc7 Rf2 32. Rf7+ $1 Rf6 33. Kg1 Rxf7 34. Kxf2 {KR-KR} Rd7 35. Rd1 Ke5 {[#]} 36. Kf3 (36. d6 $1 $16) 36... Kd6 37. Rg1 Rf7+ 38. Ke4 {next Rg6+ is good for White.} Rf2 39. Rg6+ {[%mdl 64] Double Attack} Kd7 40. Rxh6 Rxb2 {[#]} (40... Re2+ $11 {remains equal.} 41. Kf4 Rxb2) 41. a4 ({White should try} 41. h4 $1 $16) 41... Re2+ $1 $11 42. Kf5 Rd2 43. Ke5 Re2+ 44. Kf6 Kd6 45. h4 Ra2 46. h5 Rxa4 47. Rh8 Kxd5 48. h6 Rh4 49. h7 b5 {[%cal Bb6b5,Bb5b4,Bb4b3,Bb3b2,Bb2b1][%mdl 32]} 50. Kg5 Rh1 51. Kf4 {Black must now prevent Rd8+.} b4 52. Ke3 {aiming for Rd8+.} b3 $1 53. Rd8+ Kc4 54. Rc8+ Kb4 $1 55. h8=Q Rxh8 56. Rxh8 {KR-KPP} b2 57. Kd2 b1=N+ 58. Kd3 {And now Rb8+ would win.} Na3 59. Rh4+ Kc5 60. Rh5+ Kb4 61. Kd4 {Accuracy: White = 61%, Black = 65%.} 1/2-1/2

[Event "IIFL Wealth 4th Mumbai GM"]
[Site "Mumbai"]
[Date "2019.01.05"]
[Round "7"]
[White "Deepan Chakkravarthy J."]
[Black "Rajesh, V A V"]
[Result "1/2-1/2"]
[WhiteElo "2550"]
[BlackElo "2402"]
[Annotator "ChessBase"]
[PlyCount "181"]
[EventDate "2018.12.30"]
[EventType "swiss"]
[EventCountry "IND"]
[SourceTitle "playchess.com"]
[Source "ChessBase"]
[SourceQuality "1"]
[TimeControl "40/5400+30:1800+30"]

1. Nf3 {[%emt 0:00:00]} Nf6 {[%emt 0:00:00]} 2. d4 {[%emt 0:00:05]} g6 {[%emt 0:00:00]} 3. Bf4 {[%emt 0:00:05]} Bg7 {[%emt 0:00:00]} 4. e3 {[%emt 0:00:10]} O-O {[%emt 0:00:37]} 5. Be2 {[%emt 0:00:07]} d6 {[%emt 0:00:51]} 6. h3 {[%emt 0:00:06]} c5 {[%emt 0:01:42]} 7. c3 {[%emt 0:00:07]} Qb6 {[%emt 0:00:41]} 8. Qb3 {[%emt 0:00:10]} Be6 {[%emt 0:03:45]} 9. Qa3 {[%emt 0:06:26]} Nc6 {[%emt 0:00:44]} 10. Nbd2 {[%emt 0:00:09]} Bd5 {[%emt 0:11:18]} 11. O-O {[%emt 0:02:26]} Rfe8 {[%emt 0:02:31]} 12. Nc4 {[%emt 0:18:21]} Bxc4 {[%emt 0:01:13]} 13. Bxc4 {[%emt 0:00:03]} e5 {[%emt 0:00:59]} 14. dxe5 {[%emt 0:00:49]} dxe5 {[%emt 0:01:06]} 15. Bh2 {[%emt 0:00:21]} h6 {[%emt 0:04:51]} 16. Rfd1 {[%emt 0:03:26]} Bf8 {[%emt 0:02:28]} 17. Qa4 {[%emt 0:09:10]} a6 {[%emt 0:02:38]} 18. Qc2 {[%emt 0:04:47]} Kg7 {[%emt 0:03:25]} 19. a4 {[%emt 0:03:23]} Qc7 {[%emt 0:14:05]} 20. e4 {[%emt 0:17:09]} Rad8 {[%emt 0:00:52]} 21. Nd2 {[%emt 0:08:16]} Na5 {[%emt 0:06:56]} 22. b3 {[%emt 0:00:44]} Rd7 {[%emt 0:02:59]} 23. Be2 {[%emt 0:02:18]} Red8 {[%emt 0:00:17]} 24. Nc4 {[%emt 0:03:04]} Rxd1+ {[%emt 0:00:33]} 25. Rxd1 {[%emt 0:00:01]} Rxd1+ {[%emt 0:00:35]} 26. Qxd1 {[%emt 0:00:02]} Nxc4 {[%emt 0:00:11]} 27. Bxc4 {[%emt 0:00:01]} Bd6 {[%emt 0:00:08]} 28. f3 {[%emt 0:03:05]} Qc6 {[%emt 0:01:12]} 29. Kf1 {[%emt 0:00:17]} Bc7 {[%emt 0:00:48]} 30. Qd3 {[%emt 0:00:47]} Bd6 {[%emt 0:03:18]} 31. Bg1 {[%emt 0:01:37]} Qc7 {[%emt 0:01:40]} 32. Be3 {[%emt 0:00:12]} Bf8 {[%emt 0:02:45]} 33. Qd2 {[%emt 0:00:35]} Kh7 {[%emt 0:00:04]} 34. g3 {[%emt 0:02:17]} Ne8 {[%emt 0:02:32]} 35. Qd5 {[%emt 0:02:26]} Kg8 {[%emt 0:00:11]} 36. Kg2 {[%emt 0:00:32]} Nf6 {[%emt 0:00:47]} 37. Qd2 {[%emt 0:00:09]} h5 {[%emt 0:00:40]} 38. Bg5 {[%emt 0:03:05]} Nd7 {[%emt 0:00:22]} 39. a5 {[%emt 0:01:40]} Kg7 {[%emt 0:01:19]} 40. Bh6+ {[%emt 0:00:00]} Kh7 {[%emt 0:00:00]} 41. Bg5 {[%emt 0:07:28]} Kg7 {[%emt 0:01:58]} 42. h4 {[%emt 0:01:49]} Qc6 {[%emt 0:12:58]} 43. Qd5 {[%emt 0:14:26]} Qxd5 {[%emt 0:00:13]} 44. Bxd5 {[%emt 0:00:03]} f6 {[%emt 0:00:19]} 45. Be3 {[%emt 0:08:36]} b5 {[%emt 0:00:06]} 46. axb6 {[%emt 0:03:26]} Nxb6 {[%emt 0:00:04]} 47. Bc6 {[%emt 0:00:12]} a5 {[%emt 0:03:01]} 48. c4 {[%emt 0:02:20]} Bd6 {[%emt 0:03:12]} 49. Bd2 {[%emt 0:00:05]} a4 {[%emt 0:01:29]} 50. Bxa4 {[%emt 0:00:06]} Na8 {[%emt 0:00:22]} 51. Ba5 {[%emt 0:02:08]} Bc7 {[%emt 0:06:02]} 52. b4 {[%emt 0:00:05]} Bb6 {[%emt 0:00:05]} 53. Bc6 {[%emt 0:00:45]} cxb4 {[%emt 0:00:03]} 54. Bxb4 {[%emt 0:00:05]} Nc7 {[%emt 0:00:03]} 55. c5 {[%emt 0:01:42]} Ba7 {[%emt 0:00:02]} 56. Bd5 {[%emt 0:00:57]} Nb5 {[%emt 0:00:59]} 57. c6 {[%emt 0:00:17]} Bb6 {[%emt 0:00:07]} 58. Be7 {[%emt 0:00:54]} Bc7 {[%emt 0:00:29]} 59. Bc5 {[%emt 0:00:11]} Nd4 {[%emt 0:07:46]} 60. Kf2 {[%emt 0:00:02]} f5 {[%emt 0:01:32]} 61. Ke3 {[%emt 0:04:04]} fxe4 {[%emt 0:00:36]} 62. Bxe4 {[%emt 0:01:36]} Nf5+ {[%emt 0:03:13]} 63. Kf2 {[%emt 0:00:07]} Kf6 {[%emt 0:00:26]} 64. Kg2 {[%emt 0:00:07]} Nd4 {[%emt 0:02:34]} 65. Bxd4 {[%emt 0:01:54]} exd4 {[%emt 0:00:06]} 66. f4 {[%emt 0:00:02]} Kf7 {[%emt 0:02:21]} 67. Kf3 {[%emt 0:00:08]} Ba5 {[%emt 0:00:07]} 68. Ke2 {[%emt 0:00:07]} Kf6 {[%emt 0:00:10]} 69. Kd3 {[%emt 0:01:39]} Ke7 {[%emt 0:00:24]} 70. Bxg6 {[%emt 0:00:28]} Be1 {[%emt 0:00:06]} 71. Kxd4 {[%emt 0:00:06]} Kd6 {[%emt 0:02:28]} 72. Be4 {[%emt 0:01:03]} Bxg3 {[%emt 0:00:16]} 73. f5 {[%emt 0:00:26]} Bxh4 {[%emt 0:00:41]} 74. Bf3 {[%emt 0:00:25]} Bf6+ {[%emt 0:00:42]} 75. Ke3 {[%emt 0:00:07]} Bg5+ {[%emt 0:00:52]} 76. Kd4 {[%emt 0:00:13]} Bf6+ {[%emt 0:00:25]} 77. Kc4 {[%emt 0:00:29]} Bd8 {[%emt 0:00:35]} 78. Bg2 {[%emt 0:00:14]} Bf6 {[%emt 0:02:16]} 79. Kb5 {[%emt 0:00:09]} Bd4 {[%emt 0:00:13]} 80. Bf3 {[%emt 0:01:08]} h4 {[%emt 0:00:44]} 81. Bg2 {[%emt 0:00:01]} Be3 {[%emt 0:09:41]} 82. f6 {[%emt 0:00:13]} Bf4 {[%emt 0:00:31]} 83. Bh3 {[%emt 0:00:03]} Kc7 {[%emt 0:01:25]} 84. Kc5 {[%emt 0:00:08]} Kd8 {[%emt 0:00:39]} 85. Bd7 {[%emt 0:02:17]} Be5 {[%emt 0:02:12]} 86. Kb6 {[%emt 0:00:13]} Bf4 {[%emt 0:00:42]} 87. Kb7 {[%emt 0:00:38]} Be5 {[%emt 0:00:17]} 88. Be6 {[%emt 0:00:25]} Bf4 {[%emt 0:00:47]} 89. Bh3 {[%emt 0:01:13]} Be5 {[%emt 0:00:18]} 90. Bg4 {[%emt 0:00:28]} Bf4 {[%emt 0:00:32]} 91. Be6 {[%emt 0:00:41]} 1/2-1/2

[Event "IIFL Wealth 4th Mumbai GM"]
[Site "Mumbai"]
[Date "2019.01.05"]
[Round "7"]
[White "Mosadeghpour, Masoud"]
[Black "Rathnakaran, K.."]
[Result "1-0"]
[WhiteElo "2520"]
[BlackElo "2366"]
[Annotator "ChessBase"]
[PlyCount "81"]
[EventDate "2018.12.30"]
[EventType "swiss"]
[EventCountry "IND"]
[SourceTitle "playchess.com"]
[Source "ChessBase"]
[SourceQuality "1"]
[TimeControl "40/5400+30:1800+30"]

1. e4 {[%emt 0:00:00]} g6 {[%emt 0:00:00]} 2. d4 {[%emt 0:00:07]} d6 {[%emt 0:00:00]} 3. Nc3 {[%emt 0:00:22]} c6 {[%emt 0:00:00]} 4. Nf3 {[%emt 0:02:50]} Bg7 {[%emt 0:00:00]} 5. Be2 {[%emt 0:00:16]} Qc7 {[%emt 0:00:06]} 6. O-O {[%emt 0:00:49]} e5 {[%emt 0:00:13]} 7. Be3 {[%emt 0:00:17]} Nd7 {[%emt 0:00:18]} 8. Qd2 {[%emt 0:02:53]} Ngf6 {[%emt 0:00:07]} 9. Rad1 {[%emt 0:08:07]} O-O {[%emt 0:00:45]} 10. Bh6 {[%emt 0:03:19]} Re8 {[%emt 0:00:21]} 11. Bxg7 {[%emt 0:01:17]} Kxg7 {[%emt 0:00:07]} 12. a3 {[%emt 0:09:06]} Nf8 {[%emt 0:02:47]} 13. h3 {[%emt 0:05:26]} Nh5 {[%emt 0:02:32]} 14. Rfe1 {[%emt 0:06:03]} Nf4 {[%emt 0:05:51]} 15. Bf1 {[%emt 0:00:48]} f6 {[%emt 0:00:05]} 16. Kh2 {[%emt 0:04:22]} g5 {[%emt 0:01:05]} 17. g3 {[%emt 0:01:26]} N4g6 {[%emt 0:01:48]} 18. Be2 {[%emt 0:10:31]} Kh8 {[%emt 0:01:07]} 19. b4 {[%emt 0:02:36]} Qg7 {[%emt 0:00:12]} 20. d5 {[%emt 0:03:25]} Bxh3 {[%emt 0:06:28]} 21. Kxh3 {[%emt 0:02:32]} g4+ {[%emt 0:01:08]} 22. Kh2 {[%emt 0:00:42]} gxf3 {[%emt 0:00:08]} 23. Bxf3 {[%emt 0:00:01]} Rac8 {[%emt 0:00:19]} 24. Bg4 {[%emt 0:09:45]} cxd5 {[%emt 0:00:52]} 25. Bxc8 {[%emt 0:02:22]} Rxc8 {[%emt 0:00:11]} 26. Nxd5 {[%emt 0:00:40]} Ne6 {[%emt 0:00:06]} 27. Qe3 {[%emt 0:05:43]} Rxc2 {[%emt 0:03:42]} 28. Rc1 {[%emt 0:00:38]} Nd4 {[%emt 0:00:13]} 29. Rf1 {[%emt 0:11:47]} Re2 {[%emt 0:10:41]} 30. Rc8+ {[%emt 0:00:03]} Nf8 {[%emt 0:00:07]} 31. Qd3 {[%emt 0:01:24]} Qf7 {[%emt 0:02:40]} 32. Kg2 {[%emt 0:03:31]} f5 {[%emt 0:00:53]} 33. Ne3 {[%emt 0:01:24]} d5 {[%emt 0:06:09]} 34. exf5 {[%emt 0:00:32]} Kg7 {[%emt 0:01:31]} 35. Rfc1 {[%emt 0:01:05]} Qh5 {[%emt 0:13:51]} 36. f6+ {[%emt 0:00:01]} Kg8 {[%emt 0:14:36]} 37. Nf1 {[%emt 0:00:02]} Qf7 {[%emt 0:11:57]} 38. R1c7 {[%emt 0:00:37]} Rxf2+ 39. Kxf2 {[%emt 0:00:25]} Qxf6+ {[%emt 0:00:10]} 40. Kg2 {[%emt 0:00:00]} e4 {[%emt 0:00:00]} 41. Qd1 {[%emt 0:00:48]} 1-0

[Event "IIFL Wealth 4th Mumbai GM"]
[Site "Mumbai"]
[Date "2019.01.05"]
[Round "7"]
[White "Saptarshi, Roy"]
[Black "Ritviz, Parab"]
[Result "1/2-1/2"]
[WhiteElo "2494"]
[BlackElo "2338"]
[Annotator "TA"]
[PlyCount "80"]
[EventDate "2018.12.30"]
[EventType "swiss"]
[EventCountry "IND"]
[SourceTitle "playchess.com"]
[Source "ChessBase"]
[SourceQuality "1"]

{[%evp 28,80,0,-8,16,8,16,2,9,0,0,-27,-20,-7,-22,-5,-12,-29,2,0,1,0,0,0,0,12,26,13,10,-42,14,0,0,0,30,-37,0,0,11,0,11,11,11,18,4,14,46,68,57,41,32,26,41,30,42]} 1. e4 e5 2. Nf3 Nc6 3. Bb5 a6 4. Ba4 Nf6 5. O-O Be7 6. Re1 b5 7. Bb3 d6 8. c3 O-O 9. d4 {[%cal Bd2d4,Bd4d5][%mdl 32]} Bg4 10. d5 Na5 11. Bc2 Qc8 12. h3 Bd7 13. Nbd2 c6 14. dxc6 Qxc6 15. Nf1 {[#] LiveBook: 133 Games} g6 $146 {C91: Closed Ruy Lopez: 7...d6 8 c3 0-0 9 d4} ({Predecessor:} 15... Rfc8 16. Ne3 Nc4 17. Nf5 Bxf5 18. exf5 h6 19. a4 Bd8 20. b3 Nb6 21. axb5 axb5 22. Rxa8 Rxa8 23. Bb2 {½-½ (80) Perunovic,M (2622)-Karjakin,S (2762) Berlin 2015}) 16. Bg5 Nc4 17. Qc1 Rfe8 {The position is equal.} 18. Ng3 Rac8 19. Nh4 d5 20. exd5 Nxd5 21. Bxe7 Rxe7 22. Be4 f5 23. Bxd5+ $1 Qxd5 24. Qg5 Rg7 $1 25. Rad1 Qe6 26. b3 Nb6 27. Nf3 e4 28. Qh6 ({White should play} 28. Nh2 $11) 28... Re7 (28... Nd5 $15) 29. Qh4 Rce8 30. Qg5 Qf7 31. Nh4 (31. Nd4 $11) 31... Qg7 (31... Re5 $5 {[%cal Rf5f4]} 32. Ne2 Nd5 $17) 32. Rd6 Re6 ({But not} 32... Qxc3 $2 33. Rc1 $18) 33. Red1 $1 Qe7 34. Qxe7 R8xe7 35. Ngxf5 gxf5 36. Nxf5 Kf8 37. Nxe7 Kxe7 38. R6d4 Bc6 39. Re1 Nd7 40. c4 bxc4 {Accuracy: White = 38%, Black = 31%.} 1/2-1/2

[Event "IIFL Wealth 4th Mumbai GM"]
[Site "Mumbai"]
[Date "2019.01.05"]
[Round "7"]
[White "Visakh N R"]
[Black "Tran, Tuan Minh"]
[Result "0-1"]
[WhiteElo "2491"]
[BlackElo "2524"]
[Annotator "ChessBase"]
[PlyCount "48"]
[EventDate "2018.12.30"]
[EventType "swiss"]
[EventCountry "IND"]
[SourceTitle "playchess.com"]
[Source "ChessBase"]
[SourceQuality "1"]
[TimeControl "40/5400+30:1800+30"]

1. Nf3 {[%emt 0:00:00]} Nf6 {[%emt 0:00:55]} 2. c4 {[%emt 0:00:00]} b6 {[%emt 0:00:08]} 3. g3 {[%emt 0:00:19]} Bb7 {[%emt 0:02:39]} 4. Bg2 {[%emt 0:00:06]} e6 {[%emt 0:00:46]} 5. O-O {[%emt 0:00:17]} Be7 {[%emt 0:00:04]} 6. d4 {[%emt 0:00:06]} O-O {[%emt 0:00:08]} 7. Re1 {[%emt 0:00:03]} Qc8 {[%emt 0:15:04]} 8. Bg5 {[%emt 0:01:19]} Re8 {[%emt 0:01:36]} 9. Bxf6 {[%emt 0:01:08]} Bxf6 {[%emt 0:00:08]} 10. e4 {[%emt 0:00:03]} d6 {[%emt 0:00:17]} 11. e5 {[%emt 0:04:20]} dxe5 {[%emt 0:02:11]} 12. dxe5 {[%emt 0:01:04]} Be7 {[%emt 0:00:07]} 13. Nc3 {[%emt 0:00:07]} Nd7 {[%emt 0:04:46]} 14. Nd4 {[%emt 0:10:57]} Rd8 {[%emt 0:09:05]} 15. Bxb7 {[%emt 0:09:18]} Qxb7 {[%emt 0:00:18]} 16. Qg4 {[%emt 0:13:03]} Bb4 {[%emt 0:06:39]} 17. Rac1 {[%emt 0:01:37]} Nc5 {[%emt 0:00:41]} 18. Red1 {[%emt 0:00:50]} Bxc3 {[%emt 0:00:52]} 19. Rxc3 {[%emt 0:00:24]} Rd7 {[%emt 0:00:13]} 20. b4 {[%emt 0:20:23]} Qe4 {[%emt 0:05:44]} 21. Qxe4 {[%emt 0:01:25]} Nxe4 {[%emt 0:00:09]} 22. Re3 {[%emt 0:11:33]} f5 {[%emt 0:00:38]} 23. exf6 {[%emt 0:00:33]} Nxf6 {[%emt 0:00:38]} 24. Rxe6 {[%emt 0:03:18]} c5 {[%emt 0:01:20]} 0-1

[Event "IIFL Wealth 4th Mumbai GM"]
[Site "Mumbai"]
[Date "2019.01.05"]
[Round "7"]
[White "Rahman, Ziaur"]
[Black "Sardana, Rishi"]
[Result "1-0"]
[WhiteElo "2468"]
[BlackElo "2398"]
[Annotator "TA"]
[PlyCount "79"]
[EventDate "2018.12.30"]
[EventType "swiss"]
[EventCountry "IND"]
[SourceTitle "playchess.com"]
[Source "ChessBase"]
[SourceQuality "1"]

{[%evp 10,79,35,24,67,65,83,68,60,47,64,11,18,12,12,0,0,0,0,0,0,0,0,0,0,-6,-2,0,13,26,31,14,12,4,47,46,56,49,51,11,70,68,69,64,91,83,106,123,115,97,135,95,75,50,176,197,252,231,285,275,568,566,527,517,557,546,29988,29989,29989,29989,29990,6295]} 1. Nf3 d5 2. g3 e6 3. Bg2 Nf6 4. O-O c5 5. c4 dxc4 6. Na3 {LiveBook: 79 Games} Bd7 {A13: English Opening: 1...e6} (6... Be7 7. Nxc4 Nc6 8. b3 O-O 9. Bb2 Bd7 10. d4 cxd4 11. Nxd4 Rc8 12. Nb5 a6 13. Nbd6 Rc7 14. Rc1 Qb8 15. e4 b5 16. e5 Nd5 17. Bxd5 exd5 {1-0 (31) Wei,Y (2743)-Yu,Y (2751) Shenzhen 2017}) 7. Ne5 Qc7 8. Naxc4 Nc6 {White is slightly better.} 9. Nxd7 Qxd7 10. b3 (10. Qa4 $1 $14) 10... Be7 11. Bb2 O-O 12. Rc1 Rac8 $146 ({Predecessor:} 12... Rfd8 13. Qc2 Rac8 14. Rfd1 Ne8 15. Bxc6 Qxc6 16. Ne5 Qa6 17. d4 {½-½ (39) Anwesh,U (2413)-Sumets,A (2569) Visakhapatnam 2011}) 13. d3 Rfd8 14. Ne5 Nxe5 15. Bxe5 Nd5 16. Qd2 b6 17. Ba1 h6 18. Rfd1 Bg5 19. e3 Nb4 {[%cal Rd7d3]} 20. h4 Be7 $1 {[%cal Rd7d3]} 21. Bf1 $40 {[%mdl 128] White attacks.} Qd5 22. Qe2 a5 23. Rc4 (23. Qg4 {seems wilder.} Bf8 24. a3 Nc6 25. Bg2 Qd6 26. Qc4) 23... Bf8 24. Qb2 f6 (24... b5 $11 25. Rcc1 c4) 25. Qe2 $14 Nc6 26. Bg2 Qd6 27. d4 b5 28. Rcc1 cxd4 29. exd4 ({But not} 29. Qxb5 $6 Na7 $11) 29... Nb4 30. Qxb5 Nxa2 31. Rc4 Rxc4 (31... Rb8 $14 32. Qxa5 Nb4) 32. bxc4 $18 Qb4 {[#]} (32... Qc7 $142 33. c5 Nb4) 33. Qa6 $1 {[%cal Ra6e6]} Rd6 34. Qc8 Nc3 $2 (34... Qb6 35. c5 Rd8 36. cxb6 Rxc8) 35. Bxc3 Qxc3 36. Rb1 {Strongly threatening Rb8.} Qxd4 37. Rb8 h5 38. Qxf8+ {White mates.} Kh7 39. Qg8+ Kg6 40. Rb7 {Precision: White = 60%, Black = 34%.} (40. Qe8+ $142 Kh6 41. Bf3 Qd1+ 42. Bxd1 Rxd1+ 43. Kg2 Rd7 44. Qxd7 Kg6 45. Qxe6 a4 46. Rh8 a3 47. Qe4+ f5 48. Qe6#) 1-0

[Event "IIFL Wealth 4th Mumbai GM"]
[Site "Mumbai"]
[Date "2019.01.05"]
[Round "7"]
[White "Gukesh D"]
[Black "Aleksandrov, Aleksej"]
[Result "1-0"]
[WhiteElo "2466"]
[BlackElo "2590"]
[Annotator "ChessBase"]
[PlyCount "63"]
[EventDate "2018.12.30"]
[EventType "swiss"]
[EventCountry "IND"]
[SourceTitle "playchess.com"]
[Source "ChessBase"]
[SourceQuality "1"]
[TimeControl "40/5400+30:1800+30"]

1. e4 {[%emt 0:00:00]} e5 {[%emt 0:00:00]} 2. Nf3 {[%emt 0:00:00]} Nc6 {[%emt 0:00:00]} 3. Bc4 {[%emt 0:00:09]} Bc5 {[%emt 0:00:00]} 4. O-O {[%emt 0:00:10]} Nf6 {[%emt 0:00:00]} 5. d4 {[%emt 0:00:40]} Bxd4 {[%emt 0:00:11]} 6. Nxd4 {[%emt 0:00:06]} Nxd4 {[%emt 0:00:02]} 7. f4 {[%emt 0:00:34]} d6 {[%emt 0:00:05]} 8. fxe5 {[%emt 0:00:04]} dxe5 {[%emt 0:00:03]} 9. Bg5 {[%emt 0:00:49]} Qe7 {[%emt 0:00:12]} 10. c3 {[%emt 0:01:37]} Be6 {[%emt 0:00:33]} 11. Na3 {[%emt 0:01:12]} Bxc4 {[%emt 0:00:06]} 12. Bxf6 {[%emt 0:00:29]} gxf6 {[%emt 0:00:05]} 13. Nxc4 {[%emt 0:00:06]} Ne6 {[%emt 0:00:09]} 14. Ne3 {[%emt 0:10:28]} Qc5 {[%emt 0:03:16]} 15. Qd2 {[%emt 0:01:02]} Ng5 {[%emt 0:02:02]} 16. Rad1 {[%emt 0:14:13]} Nxe4 {[%emt 0:00:06]} 17. Qd7+ {[%emt 0:04:36]} Kf8 {[%emt 0:01:57]} 18. Qd3 {[%emt 0:00:19]} Ng5 {[%emt 0:22:30]} 19. b4 {[%emt 0:19:15]} e4 {[%emt 0:37:31]} 20. Qe2 {[%emt 0:06:54]} Qb6 {[%emt 0:13:52]} 21. Kh1 {[%emt 0:05:11]} Qe6 {[%emt 0:08:11]} 22. h4 {[%emt 0:07:21]} h6 {[%emt 0:00:09]} 23. hxg5 {[%emt 0:10:30]} hxg5+ {[%emt 0:00:04]} 24. Kg1 {[%emt 0:00:07]} Kg7 {[%emt 0:00:10]} 25. Qc4 {[%emt 0:02:15]} Kg6 {[%emt 0:04:40]} 26. Rd5 {[%emt 0:05:02]} Rh6 {[%emt 0:02:19]} 27. Rdf5 {[%emt 0:01:08]} Kg7 {[%emt 0:00:15]} 28. Qd4 {[%emt 0:00:43]} Rah8 {[%emt 0:03:47]} 29. Rxg5+ {[%emt 0:00:58]} Rg6 {[%emt 0:00:37]} 30. Nf5+ {[%emt 0:00:41]} Kf8 {[%emt 0:00:01]} 31. Rxg6 {[%emt 0:00:26]} fxg6 {[%emt 0:00:00]} 32. Qd8+ 1-0

[Event "IIFL Wealth 4th Mumbai GM"]
[Site "Mumbai"]
[Date "2019.01.05"]
[Round "7"]
[White "Deviatkin, Andrei"]
[Black "Tran, Minh Thang"]
[Result "1-0"]
[WhiteElo "2464"]
[BlackElo "2342"]
[Annotator "TA"]
[PlyCount "169"]
[EventDate "2018.12.30"]
[EventType "swiss"]
[EventCountry "IND"]
[SourceTitle "playchess.com"]
[Source "ChessBase"]
[SourceQuality "1"]

{[%evp 16,169,23,29,26,25,17,0,20,0,30,22,22,26,35,32,20,21,29,17,23,8,9,4,8,7,1,0,6,0,27,0,0,0,0,0,25,0,12,0,0,0,0,0,0,0,0,0,0,0,0,-6,0,0,0,0,0,0,0,0,0,0,0,-16,0,0,0,-14,0,-5,0,0,0,0,0,0,0,0,0,-7,-7,-4,0,-157,-128,-127,0,0,0,0,0,0,0,0,0,0,0,0,0,0,108,110,112,120,109,120,117,125,189,189,189,189,163,93,143,2,2,0,118,72,81,6,6,0,7,7,163,161,152,142,127,135,6170,5225,5065,5383,5281,5105,5065,4929,2072,2070,2022,1949,5065,5065,1605,1447,1119,1055,29982,29983,29983,29984,29983,29984]} 1. g3 e5 2. c4 c6 3. Bg2 Nf6 4. d4 Bb4+ 5. Bd2 Bxd2+ 6. Qxd2 d6 7. Nc3 O-O 8. e4 Be6 {A20: English Opening: 1...e5} (8... Nbd7 9. Nge2 a6 10. Rd1 Qa5 11. b3 b5 12. c5 dxc5 13. dxe5 Nxe5 14. f4 Ned7 15. e5 b4 16. exf6 bxc3 17. Qxc3 Qxc3+ 18. Nxc3 Nxf6 19. Bxc6 {½-½ (40) Grigoryan,A (2583)-Matlakov,M (2695) Yerevan 2014}) 9. b3 {LiveBook: 5 Games} Qa5 10. Nge2 b5 {White has an edge.} 11. d5 $146 ({Predecessor:} 11. cxb5 cxb5 12. O-O Bg4 13. Rfd1 Nc6 14. f3 {1-0 (42) Willim,M (2141)-Wulfmeyer,J (2227) Bayern 2013}) 11... Bg4 (11... Bc8 {is interesting.} 12. cxb5 cxb5 13. a3 b4 14. Na4 Na6) 12. cxb5 Bxe2 (12... cxb5 {feels hotter.} 13. Nd1 Qb6 14. Ne3 a5 15. h3 Bxe2 16. Qxe2 Na6) 13. Nxe2 Qxb5 14. dxc6 Nxc6 15. O-O Rfd8 16. Rfd1 Qb6 17. Rac1 h6 18. h3 Rac8 19. Rc3 a5 20. Rdc1 Na7 {[%cal Bc6a7,Ba7b5,Bb5d4][%mdl 32]} 21. Bf3 Rxc3 22. Nxc3 Qb4 23. Nb1 Nb5 24. Rc4 Nd4 25. Bg2 {[%cal Bf3g2,Bg2f1,Bf1c4][%mdl 32]} Qb6 (25... Qb7 {keeps more tension.} 26. Qxa5 Ra8 27. Qd2 Nxe4 28. Qb4 Qxb4 29. Rxb4 d5) 26. Nc3 Kh7 27. Qe3 Rd7 28. Bf1 g6 29. Kg2 Rc7 30. Rxc7 Qxc7 31. Bc4 Kg7 32. Ne2 Qc5 33. Nc3 Qc6 34. Qd3 Qc5 35. Qd2 Qb4 36. Qe3 Qa3 37. Qd2 a4 {[%cal Ra4b3]} 38. Nb1 Qc5 39. Qd3 Qb4 40. Nd2 a3 41. Kf1 Nd7 42. Nb1 Nb6 43. Nc3 Qc5 44. Nb5 d5 45. exd5 Nxb5 46. Bxb5 e4 47. Qe2 Qxd5 48. Ba6 Nd7 49. Qc4 $2 ({White should play} 49. Bc4 $11 Qd4 50. Qe3 Qa1+ 51. Kg2) 49... Qd1+ 50. Kg2 Nf6 (50... Qf3+ $17 51. Kg1 e3 52. Qd4+ Nf6 53. Qxe3 Qxe3 54. fxe3 Nd5) 51. Qc3 $11 Qb1 52. Qc7 {Black must now prevent Bc4.} e3 53. Bc4 $36 {[%mdl 2048] White fights for an advantage.} Qe4+ 54. Kh2 Nd5 55. Bxd5 $1 Qxd5 {[%mdl 4096] Endgame KQ-KQ} 56. Qc3+ {[%mdl 64] Double Attack} Kh7 57. Qxe3 Qf5 (57... Kg8 $11) 58. Qf4 $1 $16 {[%cal Rf4f5]} Qd5 59. Qc4 $1 {[%cal Rc4d5]} Qf3 60. Kg1 Qd1+ 61. Kg2 Kg7 (61... Kg8 $16 62. Qc5 Kg7) 62. b4 $1 $18 {[%cal Bb3b4,Bb4b5][%mdl 32]} Qa1 63. b5 Qb2 64. h4 (64. b6 $18) 64... Kg8 $16 65. Qc8+ ({White should try} 65. Kf3 $16) 65... Kh7 $1 $11 66. Qc4 (66. h5 $11) 66... Kg8 $1 $16 67. g4 Kg7 68. g5 (68. h5 $16) 68... hxg5 $11 69. hxg5 Kg8 70. Kf3 Qb1 $2 (70... Qe5 $1 $11) 71. Ke3 $1 $18 Qe1+ 72. Kd4 $1 Qxf2+ {[#]} 73. Kd5 $1 Qf5+ $2 {[%mdl 8192]} (73... Qb6 $16 74. Qc8+ Kh7) 74. Kd6 Qxg5 75. b6 Qd8+ 76. Kc6 Qc8+ 77. Kb5 Qe8+ {[#]} 78. Qc6 $1 {[%cal Rc6e8]} Qe2+ 79. Ka4 Qa6+ 80. Kb4 Kg7 81. Qc7 Qe2 82. b7 Qxa2 83. Qe5+ {White mates.} f6 84. Qc7+ Kh6 85. Qc1+ {Accuracy: White = 71%, Black = 57%.} 1-0